El concepto de democracia económica en la política contemporánea (Registro nro. 29073)
[ vista simple ]
| 000 -LEADER | |
|---|---|
| fixed length control field | 00394 a2200109 4500 |
| 001 - CONTROL NUMBER | |
| control field | ART_49765 |
| 005 - DATE AND TIME OF LATEST TRANSACTION | |
| control field | 20260410161936.0 |
| 008 - FIXED-LENGTH DATA ELEMENTS--GENERAL INFORMATION | |
| fixed length control field | 260409a |
| 100 1# - MAIN ENTRY--PERSONAL NAME | |
| Personal name | Tagle, Manuel |
| 245 10 - TITLE STATEMENT | |
| Title | El concepto de democracia económica en la política contemporánea |
| 773 0# - HOST ITEM ENTRY | |
| Title | Anales de la Academia Nacional de Ciencias Económicas |
| Related parts | - Vol. XXVIII, (1983) (ene./dic. 1983) |
| Record control number | REV25596 |
No hay ítems disponibles.